New Zealand Rugby All Blacks - Most Tries by a Loose Forward - Statistics

General Stats
  • This quiz has been taken 104 times
    33 since last reset
  • The average score is 8 of 12
Answer Stats
Tries Player % Correct
26 Kieran Read
96%
27 Richard McCaw
96%
17 Zinzan Brooke
96%
15 Sam Cane
82%
13 Michael Jones
79%
13 Ardie Savea
71%
12 Jerome Kaino
68%
14 Josh Kronfeld
61%
16 Ian Kirkpatrick
46%
12 Taine Randell
39%
10 Alan Whetton
36%
9 Kel Tremain
14%
No matching quizzes found
Score Distribution
Percent of People with Each Score
Percentile by Number Answered
Your Score History
You have not taken this quiz since the last reset